MDQL
is popping MORE tags! Check the
thread
!
Quizzes
Events
Quiz Creation
Community
Videos
Private Events
Remove Ads
Sign In
Join for FREE
Feedback
Dark Mode
Quiz Categories
Sports
Geography
Music
Movies
Television
Just For Fun
Miscellaneous
History
Literature
Language
Science
Gaming
Entertainment
Religion
Holiday
For Kids
Quiz Lab
Recent
Popular Today
Quiz Kudos Today
Editor Picks
Curator Picks
Quizzes by...
Day
Popularity
Type
Ratings
Length
Year
Community
Subscriptions
Recent Discussions
Orange Saloon
Badges
Playlists
Quests
Create
Leaderboards
Showdown
Live 5
Trivia Bingo
Activity
Puzzle Library
Sporcle Events
Private Events
Virtual Trivia
Globe League
Become a Host
Pub Owners
SporcleCon
Opinionation
Our Games
Videos
Blog
Mobile Apps
Partnerships
Remove Ads and Go Orange
Feedback
Geography
Country
Landmarks
City
State
Population
World
Capital
Continent
Flags
Europe
Africa
Asia
South America
North America
Oceania
Border
Canada
United Kingdom
Topography
United States
Geography
Country
Landmarks
City
State
Population
World
Capital
Continent
Flags
Europe
Africa
Asia
South America
North America
Oceania
Border
Canada
United Kingdom
Topography
United States
Random Quiz
Search Sporcle
×
Quiz Lab
Quiz Lab
Geography
Europe
Type in answers that appear in a list
Type in answers that appear in a list
Classic
Best Score? Go Orange.
Countries of Europe by Capital (in Danish) Stats
Can you name the Countries of Europe by Capital (in Danish)?
By
RKC
7m
51 Questions
169 Plays
169 Plays
169 Plays
Comments
Comments
Give Quiz Kudos
Give Quiz Kudos
-
- Ratings
hide this ad
Forced Order
Answers have to be entered in order
Answers have to be entered in order
Replay
Link that replays current quiz
Next Quiz
Link to next quiz in quiz playlist
You Got
0%
They Got
Avg Score
61%
Avg Friend Score
Upgrade to see
Score Distribution
Jump to the score distribution portion of the page
Score
0/51
Timer
07:00
0
Plays Today
Hovedstad
Land
% Correct
Reykjavik
Island
91.1%
Dublin
Irland
89.3%
København
Danmark
84.6%
Madrid
Spanien
83.4%
Monaco
Monaco
83.4%
Rom
Italien
82.8%
Lissabon
Portugal
82.2%
Stockholm
Sverige
82.2%
Helsinki
Finland
81.7%
Andorra la Vella
Andorra
81.1%
Luxembourg
Luxembourg
80.5%
Oslo
Norge
80.5%
Paris
Frankrig
79.9%
Amsterdam
Nederland
79.3%
Berlin
Tyskland
79.3%
Moskva
Rusland
78.1%
London
Storbritannien
77.5%
Vatikanet
Vatikanet
77.5%
San Marino
San Marino
76.9%
Brussel (Bruxelles)
Belgien
73.4%
Wien
Østrig
71%
Tallinn
Estland
68.6%
Kiev
Ukraine
66.3%
Riga
Letland
65.7%
Bern
Schweiz
65.1%
Minsk
Hviderusland
61.5%
Hovedstad
Land
% Correct
Athen
Grækenland
61.5%
Warszawa
Polen
60.9%
Sofia
Bulgarien
60.4%
Valletta
Malta
58%
Vilnius
Litauen
56.2%
Ankara
Tyrkiet
55.6%
Prag
Tjekkiet
55%
Budapest
Ungarn
51.5%
Zagreb
Kroatien
47.3%
Beograd
Serbien
45.6%
Vaduz
Liechtenstein
45%
Tirana
Albanien
45%
Sarajevo
Bosnien-Herzegovina
43.2%
Bukarest
Rumænien
42%
Chisinau
Moldova
40.2%
Ljubljana
Slovenien
40.2%
Bratislava
Slovakiet
40.2%
Nicosia
Cypern
38.5%
Skopje
Makedonien
36.7%
Pristina
Kosovo
34.3%
Tbilisi
Georgien
33.7%
Jerevan
Armenien
33.1%
Podgorica
Montenegro
33.1%
Astana
Kasakhstan
28.4%
Baku
Aserbajdsjan
16.6%
Quiz Playlist
Details
Report
Send in Message
Add To Playlist
Classic:
Type in answers that appear in a list
Forced Order:
Answers have to be entered in order
Last Updated: Feb 16, 2017
Quiz Scoreboard
CHALLENGE
Sign Up to Join the Scoreboard
Show All
Scores
Hide
Comments
May contain spoilers
Recently Published
Find the 'City' Movie
by crazypaving
Movies
60s
5x2 Blitz: Bands
by SL_Kpop136
Music
30s
Colored Red Africa Blitz
by spor1
Geography
30s
More to Explore
Quiz From the Vault
Featured Blog Post
14 Easter Pick-up Lines to Find Eggs With
hide this ad
You Might Also Like...
Tags
Capital Quiz
Country Quiz
Europe Quiz
danish
land
Today's Top Quizzes in Geography
Browse Geography
hide this ad
Today's Top Quizzes in Europe
Browse Europe
Top Contributed Quizzes in Geography
1
Countries of the World - No Outlines Minefield
2
Colored Red Africa Blitz II
3
Colored Red Europe Blitz I
4
Colored Red Europe Blitz II
5
Colored Red Africa Blitz III
6
Colored Red Europe Blitz III
7
Colored Red States Blitz II
8
Country Trivia Logic Puzzle II
9
Colored Red States Blitz I
10
List All 50 US States
Explore More
Trending Topics
Harry Potter
Kpop
Disney
Anime
Crossword
Marvel
NBA
NFL
Song
Soccer
Pokémon
Puzzle
Country
The Office
WWE
hide this ad
More By:
RKC
Quiz
Plays
Rating
Category
Featured
Created
Countries of Europe by Capital (in Danish)
169
3.75
Geography
Aug 15, 2011
Bundesliga Teams 2011/12 (German Club Names)
79
3.50
Sports
Sep 3, 2011
Go to Creator's Profile
Score Distribution
Quiz Creator Spotlight
RKC
Follow
Send a Message
Quizzes Created
-
Created Quiz Play Count
-
More By This Creator
Popular Quizzes Today
1
5x2 Blitz: Bands
2
Find the 'City' Movie
3
Colored Red Africa Blitz
4
Find the US States - No Outlines Minefield
5
The Countries of the World
6
Find the US States
7
9x9 Crossword: Cartoon Network
8
US States
More Geography Quizzes
Flag Color Click - Armenia
Quiz Lab
Trending Quizzes
Colored Red Africa Blitz II
Colored Red Europe Blitz I
Christmas Pick: Judaism
Colored Red Africa Blitz III
Colored Red Europe Blitz II
Recently Updated
Champions League XIs: Real Madrid
pecheneg
Largest US Cities 1790-2010
pecheneg
Rides in Walt Disney World
pecheneg
Most Oscar Losses (Acting)
pecheneg
Beyoncé Albums
pecheneg
Leaping Animals
pecheneg
Reality TV Shows (A-Z)
bhenderson79
Rickey Henderson's Hall of Fame Teammates
pecheneg
Champions League XIs: Arsenal
pecheneg
Quick Pick: Celebrities in WWE's Hall of Fame
aduchscher
Trending Topics
Marvel
Kpop
Harry Potter
Disney
Anime
NBA
Crossword
Country
Song
Pokémon
The Office
Soccer
NFL
WWE
Puzzle
Your Account Isn't Verified!
In order to create a playlist on Sporcle, you need to verify the email address you used during registration. Go to your
Sporcle Settings
to finish the process.
Report this User
Report this user for behavior that violates our
Community Guidelines
.
Details:
Send Report
Go to the Sporcle.com Mobile Site →
Comments